Elements With Single Letter Symbols - Statistics

General Stats
  • This quiz has been taken 26 times
  • The average score is 12 of 14
Answer Stats
Symbol Answer % Correct
C Carbon
100%
H Hydrogen
100%
O Oxygen
100%
N Nitrogen
96%
K Potassium
96%
U Uranium
92%
B Boron
88%
F Fluorine
88%
I Iodine
88%
S Sulfur
83%
P Phosphorus
75%
W Tungsten
75%
Y Yttrium
67%
V Vanadium
63%
No matching quizzes found
Score Distribution
Percent of People with Each Score
Percentile by Number Answered
Your Score History
You have not taken this quiz